00826nam a2200217 a 450000100100000000500170001000800410002702000150006804000250008310000350010824500700014326000270021330000280024049000310026850400560029950000210035571000720037683000380044895201050048699900170059100004198220201002035850.0131016s2005 sp a 001 0 spa d a8400083229 aDO-SdBNPbspacBNPHU1 aMoreno Botella, Rodrigo96892310aReología de suspensiones cerámicas /cRodrigo Moreno Botella. aMadrid :bCSIC,c2005. a325 p. :bil. ;c25 cm.1 aBiblioteca de cienciasv17 aIncluye bibliografías al final de los capítulos aIncluye índice2 aConsejo Superior de Investigaciones Científicas (España)915178 0aBiblioteca de cienciasc17938842 001050718MOaGRbGRcCTd2013-10-28iLF1l0o p41982-10r2020-06-25w2020-06-25y1ZNo se presta c41471d41471